Quantification of bacterial chemotaxis in porous media using magnetic resonance imaging /
Wedi'i Gadw mewn:
| Awduron Eraill: | , , , |
|---|---|
| Fformat: | Erthygl |
| Iaith: | English |
| Pynciau: | |
| Tagiau: |
Ychwanegu Tag
Dim Tagiau, Byddwch y cyntaf i dagio'r cofnod hwn!
|
| Thư viện lưu trữ: | Thư viện Trường Đại học Đà Lạt |
|---|
| LEADER | 01051nam a2200349 4500 | ||
|---|---|---|---|
| 001 | DLU090094810 | ||
| 005 | ##20091201 | ||
| 040 | # | # | |a DLU |b eng |
| 041 | # | # | |a eng |
| 044 | # | # | |a us |
| 245 | # | # | |a Quantification of bacterial chemotaxis in porous media using magnetic resonance imaging / |c Mira Stone Olson ... [et al.]. |
| 653 | # | # | |a Bacteria |
| 653 | # | # | |a Chemotaxis |
| 653 | # | # | |a Microbial activity |
| 653 | # | # | |a Microbial biomass |
| 653 | # | # | |a Organic compounds |
| 653 | # | # | |a Sensitivity analysis |
| 653 | # | # | |a Water pollution |
| 700 | # | # | |a Fernandez, Erik J. |
| 700 | # | # | |a Ford, Roseanne M. |
| 700 | # | # | |a Olson, Mira Stone. |
| 700 | # | # | |a Smith, James A. |
| 773 | # | # | |t Environmental Science & Technology |g Vol. 38, no. 14 (July 2004), p. 3864-3870 |
| 920 | # | # | |a Phòng Tạp chí -- Trung tâm Thông tin - Thư viện Trường Đại học Đà Lạt |
| 994 | # | # | |a DLU |
| 900 | # | # | |a True |
| 911 | # | # | |a Trương Bảo Trâm Anh |
| 925 | # | # | |a G |
| 926 | # | # | |a A |
| 927 | # | # | |a BB |
| 980 | # | # | |a Thư viện Trường Đại học Đà Lạt |